Estadísticas para Paradas de Metrovalencia

Haz click aquí para intentar la prueba.

Estadísticas generales

  • Esta prueba ha sido intentada 288 veces
  • La puntuación promedio es 78 de 143

Estadísticas de respuestas

Respuesta% Correcto
Xàtiva
92%
Colón
91%
Àngel Guimerà
89%
Aeroport
87%
Torrent
85%
Alameda
84%
Marítim
82%
Túria
81%
Benimaclet
79%
Empalme
79%
Jesús
79%
Aragó
78%
Rafelbunyol
78%
Bailén
77%
Llíria
77%
Burjassot
76%
Torrent Avinguda
76%
Amistat
75%
Campanar
75%
Bétera
73%
Manises
72%
Mislata
72%
Paterna
72%
Patraix
72%
Ayora
71%
Alacant
70%
Castelló
69%
Pont de Fusta
69%
Alboraia Peris Aragó
68%
Machado
68%
Avinguda del Cid
67%
Beniferri
67%
Nou d'Octubre
67%
Plaça Espanya
66%
Reus
66%
València Sud
65%
Benimàmet
64%
Godella
64%
Paiporta
64%
Roses
64%
Seminari - CEU
64%
Facultats - Manuel Broseta
62%
Foios
62%
Safranar
62%
Sant Isidre
62%
Universitat Politècnica
62%
La Carrasca
61%
Neptú
61%
Quart de Poblet
61%
Alboraia Palmaret
59%
Burjassot - Godella
58%
L'Eliana
58%
Mislata Almassil
58%
Picanya
58%
Russafa
58%
Natzaret
57%
Picassent
57%
Benaguasil
56%
Museros
56%
Sagunt
56%
Dr. Lluch
55%
Tossal del Rei
55%
Orriols
54%
Cabanyal
53%
Faitanar
53%
La Pobla de Vallbona
53%
Marxalenes
53%
Massamagrell
53%
Meliana
53%
Oceanogràfic
53%
Salt de l'Aigua
53%
La Cadena
52%
Mas del Rosari
52%
Riba-roja de Túria
52%
Vicent Andrés Estellés
52%
Beteró
51%
La Granja
51%
Vicent Zaragozà
51%
À Punt
50%
La Canyada
50%
Massarrojos
50%
Trinitat
50%
Almàssera
49%
Benicalap
49%
Rocafort
49%
La Coma
48%
La Pobla de Farnals
48%
Alginet
47%
Campus
47%
Campament
46%
Carlet
46%
Estadi Ciutat de València
46%
Fira València
46%
Moncada - Alfara
46%
Tarongers - Ernest Lluch
46%
Cantereria
45%
Platja Les Arenes
44%
Quatre Carreres
44%
Entrepins
43%
Fuente del Jarro
43%
Masies
43%
Palau de Congressos
43%
Santa Rita
43%
Albalat dels Sorells
42%
Canyamelar
42%
Fondo de Benaguasil
42%
Garbí
42%
Parc Científic
42%
Platja Malva-rosa
42%
Sant Joan
42%
Trànsits
42%
Alberic
41%
Les Carolines - Fira
41%
Sant Miquel dels Reis
41%
Alfauir
40%
El Clot
40%
Florista
40%
Francesc Cubells
40%
L'Alcúdia
40%
Lloma Llarga - Terramelar
40%
Moreres
39%
Amado Granell - Montolivet
38%
Benimodo
38%
Ciutat Arts i Ciències - Justícia
38%
Horta Vella
38%
Col·legi El Vedat
37%
La Presa
37%
La Vallesa
37%
Montesol
36%
La Cova
35%
València la Vella
35%
Grau - La Marina
34%
Sant Ramon
34%
Ausiàs March
33%
Omet
33%
Realón
33%
Gallipont - Torre del Virrei
32%
Espioca
31%
Masia de Traver
31%
Massalavés
31%
Tomás y Valiente
31%
Montortal
28%
Font Almaguer
26%

Distribución de puntuación

Porcentaje por número respondido

Porcentaje de gente con cada puntuación

Historial de tus puntuaciones

No has intentado esta prueba.